000
00203 a2200097 4500
001
7186
100
_a
Pender, H
245
_a
Electrical engineers handbook
260
_a
_b
Wiley
_c
090
_c
5954
_d
5954
942
_a
NUST-CAE
_c
M
_c
32438
999
_c
242259
_d
242259